Statistics for Famous Balkan People

Click here to take the quiz!

General Stats

  • This quiz has been taken 128 times
  • The average score is 9 of 20

Answer Stats

HintAnswer% Correct
Famous president of communist YugoslaviaJosip Broz Tito
94%
Conqueror of ancient Persia and EgyptAlexander the Great
77%
The author of the Iliad and the OdysseyHomer
69%
ATP number 1 from SerbiaNovak Djoković
61%
His last name is SI unit of magnetic fluxNikola Tesla
59%
Roman Catholic nun who founded the Missionaries of Charity in IndiaMother Teresa
57%
Winner of the Eurovision Song Contest 2007 with the song "Molitva"Marija Šerifović
54%
Hero of the Trojan War, killed by arrow in his heelAchilles
53%
Teacher of ^Aristotle
42%
Filmmaker from Bosnia who has twice won the Palme d'Or at CannesEmir Kusturica
41%
Spartan, leader of 300Leonidas
41%
Team captain of Manchester United (2010-2014)Nemanja Vidić
41%
The first Roman emperor converted to Christianity, and founder of Byzantime EmpireConstantine the Great
39%
1998 FIFA world cup winner of Golden BootDavor Šuker
28%
The greatest Bulgarian football player of all timeHristo Stoichkov
26%
Turkish winner of the Nobel Prize for Literature in 2006.Orhan Pamuk
25%
Albert Einstein's first wife, also physicistMileva Marić
23%
Dr. Luka Kovač on the NBC television series ERGoran Višnjić
23%
Winner of the NBA Three-point shootout two times (Sacramento Kings)Predrag Stojaković
20%
Grandmother of performance artMarina Abramović
17%

Score Distribution

Percentile by Number Answered

Percent of People with Each Score

Your Score History

You have not taken this quiz